[Event "IECC KO-3085"]
[Site "IECC email"]
[Date "2014.02.26"]
[Round "?"]
[White "Cotton, David"]
[Black "Bottoni, Carlo"]
[Result "1/2-1/2"]
[WhiteElo "1784"]
[BlackElo "1803"]
[PlyCount "178"]
[EventDate "2013.??.??"]
[EventType "match (corr)"]
[EventRounds "2"]
[SourceTitle "Corr 2020"]
[Source "ChessBase"]
[SourceDate "2019.09.30"]
[SourceVersion "1"]
[SourceVersionDate "2019.09.30"]
[SourceQuality "1"]
[WhiteTeam "England"]
[BlackTeam "Italy"]
[WhiteTeamCountry "ENG"]
[BlackTeamCountry "ITA"]

1. e4 c5 2. Nf3 e6 3. d4 cxd4 4. Nxd4 Nc6 5. Nc3 Nf6 6. a3 Be7 7. h3 0-0 8. Nf3 d5 9. exd5 exd5 10. Bd3 d4 11. Ne2 Qa5+ 12. Bd2 Qb6 13. b4 a6 14. 0-0 Be6 15. Nf4 Bc8 16. c4 dxc3 17. Bxc3 Qc7 18. Qd2 Bd6 19. Ne2 Be7 20. Ned4 Bd7 21. Rfe1 Rad8 22. Nxc6 Bxc6 23. Be5 Qb6 24. Nd4 Bd7 25. Rac1 Ne8 26. Qc2 Qh6 27. Be4 Nd6 28. Bxd6 Bxd6 29. Bxb7 Rb8 30. Bc6 Rfc8 31. Qb1 Bf4 32. Rc4 Bd2 33. Re2 Bg5 34. Qc2 Qd6 35. Bxd7 Qxd7 36. Nc6 Ra8 37. Re7 Qd6 38. Qf5 Qd1+ 39. Kh2 Bf6 40. Rd7 Qb3 41. Qd5 Rf8 42. Nd4 Qxa3 43. Rxf7 Rxf7 44. Qxa8+ Rf8 45. Qd5+ Kh8 46. Ne6 Rg8 47. Qd7 h6 48. Rc8 Qxb4 49. Rxg8+ Kxg8 50. Qe8+ Kh7 51. Nf8+ Kg8 52. Nd7+ Kh7 53. Nxf6+ gxf6 54. Qf7+ Kh8 55. Qxf6+ Kh7 56. Qxa6 Qf4+ 57. Kg1 Qc1+ 58. Qf1 Qc2 59. g3 h5 60. Qb5 Qg6 61. h4 Qf7 62. Kg2 Kg7 63. Qg5+ Kh7 64. g4 hxg4 65. Qxg4 Qd5+ 66. f3 Kh6 67. Qe4 Qg8+ 68. Kh3 Qf7 69. Qg4 Qd5 70. Qf4+ Kh5 71. Qe4 Qf7 72. Qe5+ Kh6 73. Qh8+ Kg6 74. Kg3 Qa7 75. Qg8+ Kh6 76. Kg2 Qe7 77. Qh8+ Kg6 78. Qd4 Qe2+ 79. Kg3 Qe1+ 80. Qf2 Qe5+ 81. f4 Qe6 82. Qc2+ Kh6 83. h5 Qe8 84. Qc3 Qxh5 85. Qh8+ Kg6 86. Qe8+ Kh6 87. Qxh5+ Kxh5 88. f5 Kg5 89. f6 Kxf6 1/2-1/2

[Event "IECC CL4-2011.01 email"]
[Site "IECC email"]
[Date "2011.02.05"]
[Round "?"]
[White "Cotton, David"]
[Black "Salazar Moran, Alejandro Fortunato"]
[Result "1/2-1/2"]
[WhiteElo "1741"]
[BlackElo "1798"]
[PlyCount "65"]
[EventDate "2011.??.??"]
[EventType "tourn (corr)"]
[EventRounds "4"]
[SourceTitle "Telechess CBM 145"]
[Source "Chessbase"]
[SourceDate "2011.11.11"]
[SourceVersion "1"]
[SourceVersionDate "2011.11.11"]
[SourceQuality "1"]
[WhiteTeam "England"]
[BlackTeam "Ecuador"]
[WhiteTeamCountry "ENG"]
[BlackTeamCountry "ECU"]

1. e4 e5 2. Nf3 Nf6 3. d4 Nxe4 4. Bd3 d5 5. Nxe5 Nd7 6. Nxd7 Bxd7 7. 0-0 Bd6 8. c4 c6 9. Nc3 Nxc3 10. bxc3 0-0 11. cxd5 cxd5 12. Qh5 g6 13. Qxd5 Qc7 14. Bh6 Rfe8 15. g3 Be6 16. Qf3 Qxc3 17. Be4 Qxf3 18. Bxf3 Re7 19. Rab1 Bxa2 20. Rxb7 Rxb7 21. Bxb7 Rb8 22. Ra1 Rxb7 23. Rxa2 Bb4 24. Ra6 Rd7 25. Rc6 Be7 26. Rc8+ Rd8 27. Rc7 Bf8 28. Bxf8 Kxf8 29. Rxa7 Rxd4 30. Kg2 Rc4 31. h4 h5 32. Rd7 Kg7 33. Rd2 1/2-1/2

[Event "IECC CL4-2011.01 email"]
[Site "IECC email"]
[Date "2011.02.05"]
[Round "?"]
[White "Cotton, David"]
[Black "Smith, Kevin"]
[Result "1-0"]
[WhiteElo "1724"]
[BlackElo "1746"]
[PlyCount "63"]
[EventDate "2011.??.??"]
[EventType "tourn (corr)"]
[EventRounds "4"]
[SourceTitle "Telechess CBM 145"]
[Source "Chessbase"]
[SourceDate "2011.11.11"]
[SourceVersion "1"]
[SourceVersionDate "2011.11.11"]
[SourceQuality "1"]
[WhiteTeam "England"]
[BlackTeam "Canada"]
[WhiteTeamCountry "ENG"]
[BlackTeamCountry "CAN"]

1. e4 c5 2. c3 Nc6 3. d4 cxd4 4. cxd4 d5 5. Nc3 e6 6. exd5 exd5 7. Bb5 a6 8. Ba4 Nf6 9. Nf3 b5 10. Bc2 Bg4 11. Be3 Bb4 12. h3 Bh5 13. 0-0 0-0 14. g4 Bg6 15. Ne5 Bxc2 16. Qxc2 Rc8 17. Nd3 Bxc3 18. bxc3 Ne4 19. f3 Qh4 20. Nf4 Nd6 21. Nxd5 Qxh3 22. Bf4 Nc4 23. Rae1 Rfe8 24. Re2 Rxe2 25. Qxe2 h6 26. Rf2 Qh4 27. g5 Qh5 28. Rg2 Kh8 29. Qe4 Rd8 30. Nf6 Qg6 31. gxh6 Nd6 32. Rxg6 1-0

[Event "IECC M1-2010.T042"]
[Site "IECC email"]
[Date "2010.06.13"]
[Round "?"]
[White "Basson, Heinrich"]
[Black "Cotton, David"]
[Result "1/2-1/2"]
[WhiteElo "1705"]
[BlackElo "1730"]
[PlyCount "45"]
[EventDate "2010.??.??"]
[EventType "match (corr)"]
[EventRounds "2"]
[SourceTitle "Telechess CBM 149"]
[Source "ChessBase"]
[SourceDate "2012.07.17"]
[SourceVersion "1"]
[SourceVersionDate "2012.07.17"]
[SourceQuality "1"]
[WhiteTeam "South Africa"]
[BlackTeam "England"]
[WhiteTeamCountry "RSA"]
[BlackTeamCountry "ENG"]

1. d4 d5 2. c4 c6 3. Nc3 Nf6 4. Nf3 e6 5. Bd2 Be7 6. e3 0-0 7. Be2 c5 8. dxc5 Bxc5 9. Qb3 Nc6 10. 0-0 Qb6 11. Qxb6 Bxb6 12. Rac1 dxc4 13. Bxc4 e5 14. Nd5 e4 15. Nxb6 axb6 16. Nd4 Rd8 17. Bc3 Nd5 18. Bxd5 Rxd5 19. a3 Ne5 20. f3 exf3 21. gxf3 Bh3 22. Rfd1 Rd6 23. Kh1 1/2-1/2

[Event "IECC CL4-2008.05 email"]
[Site "IECC email"]
[Date "2008.05.28"]
[Round "?"]
[White "Cirovic, Zeljko"]
[Black "Cotton, David"]
[Result "0-1"]
[WhiteElo "1732"]
[BlackElo "1696"]
[PlyCount "63"]
[EventDate "2008.??.??"]
[EventType "tourn (corr)"]
[EventRounds "4"]
[SourceTitle "Corr 2011"]
[Source "ChessBase"]
[SourceDate "2010.08.31"]
[SourceVersion "1"]
[SourceVersionDate "2010.08.31"]
[SourceQuality "1"]
[WhiteTeam "SCG"]
[BlackTeam "England"]
[BlackTeamCountry "ENG"]

1. c4 Nf6 2. d4 c5 3. d5 d6 4. Nc3 e5 5. e4 Be7 6. Nf3 Nbd7 7. h3 Nf8 8. Bd3 Ng6 9. 0-0 h5 10. Bg5 Nh7 11. Bxe7 Qxe7 12. Qd2 Nf4 13. Ne2 g5 14. b4 Nxe2+ 15. Bxe2 g4 16. bxc5 gxf3 17. cxd6 Qg5 18. Qxg5 Nxg5 19. Bxf3 Nxf3+ 20. gxf3 b6 21. f4 exf4 22. e5 Bxh3 23. Rfe1 Bf5 24. a4 Rc8 25. a5 Rg8+ 26. Kh2 b5 27. e6 fxe6 28. dxe6 Rxc4 29. d7+ Ke7 30. Rac1 Rxc1 31. Rxc1 b4 32. Rc8 0-1

[Event "IECC M-5606"]
[Site "IECC email"]
[Date "2006.12.23"]
[Round "?"]
[White "Cotton, David"]
[Black "Garnett, Edward"]
[Result "1-0"]
[WhiteElo "1605"]
[BlackElo "1691"]
[PlyCount "127"]
[EventDate "2006.??.??"]
[EventType "tourn (corr)"]
[EventRounds "10"]
[SourceTitle "Corr 2008"]
[Source "ChessBase"]
[SourceDate "2008.06.24"]
[SourceVersion "1"]
[SourceVersionDate "2008.06.24"]
[SourceQuality "1"]

1. e4 c5 2. Nf3 d6 3. d4 cxd4 4. Nxd4 Nf6 5. Nc3 a6 6. Be3 e5 7. Nf3 Be7 8. Bc4 0-0 9. 0-0 Nc6 10. Nd5 Nxe4 11. Bb6 Qd7 12. Be3 Qg4 13. Be2 Qg6 14. Nxe7+ Nxe7 15. Bd3 Bg4 16. Nh4 Qh5 17. f3 Nc5 18. Bxh7+ Qxh7 19. Qxd6 Qxh4 20. Bxc5 Bf5 21. Qxe7 Qxe7 22. Bxe7 Rfe8 23. Bc5 Rac8 24. b4 Bxc2 25. Rac1 Bd3 26. Rfd1 Red8 27. Kf2 Bf5 28. a3 b5 29. g4 Rxd1 30. Rxd1 Be6 31. h3 a5 32. Re1 f6 33. f4 axb4 34. axb4 Ra8 35. fxe5 Ra2+ 36. Kf3 Ra3+ 37. Kf4 g5+ 38. Ke4 Rb3 39. exf6 Rxh3 40. Ke5 Kf7 41. Ra1 Rd3 42. Bd4 Bxg4 43. Rg1 Bh5 44. Rxg5 Bg6 45. Kd5 Rf3 46. Kc5 Rf5+ 47. Rxf5 Bxf5 48. Kxb5 Ke6 49. Ka5 Kd6 50. b5 Be6 51. Kb6 Bc4 52. Bc5+ Ke6 53. Be7 Kd7 54. Ka6 Ke8 55. Kb6 Kd7 56. Kc5 Be2 57. Bf8 Ke6 58. Bg7 Bh5 59. Kb6 Be8 60. Ka6 Bg6 61. b6 Be4 62. b7 Bxb7+ 63. Kxb7 Kf7 64. Kc6 1-0